Govt. of
Madhya Pradesh

प्रसाद के लोकप्रिय उपन्‍यास(इरावती, तितली) (Record no. 56973)

MARC details
000 -LEADER
fixed length control field 00555nam a22001457a 4500
003 - CONTROL NUMBER IDENTIFIER
control field macl
005 - DATE AND TIME OF LATEST TRANSACTION
control field 20170905125713.0
008 - FIXED-LENGTH DATA ELEMENTS--GENERAL INFORMATION
fixed length control field 170905b xxu||||| |||| 00| 0 eng d
040 ## - CATALOGING SOURCE
Transcribing agency macl
100 ## - MAIN ENTRY--PERSONAL NAME
Personal name सपां. हरिप्रसाद जोशी
9 (RLIN) 68979
245 ## - TITLE STATEMENT
Title प्रसाद के लोकप्रिय उपन्‍यास(इरावती, तितली)
260 ## - PUBLICATION, DISTRIBUTION, ETC. (IMPRINT)
Place of publication, distribution, etc. दिल्‍ली
Name of publisher, distributor, etc. राजकुमार एण्‍ड संस
Date of publication, distribution, etc. 2016
650 ## - SUBJECT ADDED ENTRY--TOPICAL TERM
Topical term or geographic name as entry element उपन्‍यास
9 (RLIN) 68980
942 ## - ADDED ENTRY ELEMENTS (KOHA)
Source of classification or shelving scheme
Koha item type Hindi Books
Holdings
Withdrawn status Lost status Source of classification or shelving scheme Damaged status Not for loan Home library Current library Date acquired Cost, normal purchase price Total Checkouts Total Renewals Barcode Date last seen Date last checked out Price effective from Koha item type
          MACL MACL 05/09/2017 550.00 3 1 CRH032994 17/11/2022 14/10/2022 05/09/2017 Hindi Books